Online
Catalog

Estilo barroco y personalidad creadora : (Record no. 4409)

MARC details
000 -CABECERA
campo de control de longitud fija 00875cam a2200229 a 4500
001 - NÚMERO DE CONTROL
campo de control 000004601
005 - FECHA Y HORA DE LA ÚLTIMA TRANSACCIÓN
campo de control 20241009115416.0
008 - DATOS DE LONGITUD FIJA--INFORMACIÓN GENERAL
campo de control de longitud fija 930106s1977 sp b 001 0 spa
020 ## - NÚMERO INTERNACIONAL ESTÁNDAR DEL LIBRO
Número Internacional Estándar del Libro 8437600227
040 ## - FUENTE DE LA CATALOGACIÓN
Centro catalogador/agencia de origen DO-SdBNP
Lengua de catalogación spa
Centro/agencia transcriptor BNPHU
082 ## - NÚMERO DE LA CLASIFICACIÓN DECIMAL DEWEY
Número de clasificación 860.9
Número de documento/Ítem L431e, 1977
100 1# - ENTRADA PRINCIPAL--NOMBRE DE PERSONA
Nombre de persona Lázaro Carreter, Fernando.
9 (RLIN) 7731
245 10 - MENCIÓN DE TÍTULO
Título Estilo barroco y personalidad creadora :
Resto del título Góngora, Quevedo, Lope de Vega /
Mención de responsabilidad, etc. Fernando Lázaro Carreter.
250 ## - MENCIÓN DE EDICIÓN
Mención de edición 3a ed.
260 ## - PUBLICACIÓN, DISTRIBUCIÓN, ETC.
Lugar de publicación, distribución, etc. Madrid :
Nombre del editor, distribuidor, etc. Cátedra,
Fecha de publicación, distribución, etc. 1977.
300 ## - DESCRIPCIÓN FÍSICA
Extensión 201 p. ;
Dimensiones 21 cm.
650 #0 - PUNTO DE ACCESO ADICIONAL DE MATERIA--TÉRMINO DE MATERIA
Término de materia o nombre geográfico como elemento de entrada Literatura
9 (RLIN) 3439
600 14 - PUNTO DE ACCESO ADICIONAL DE MATERIA--NOMBRE DE PERSONA
Nombre de persona GÓNGORA Y ARGOTE, LUIS DE,
Fechas asociadas al nombre 1561-1627
Subdivisión general CRÍTICA E INTERPRETACIÓN
9 (RLIN) 13417
600 14 - PUNTO DE ACCESO ADICIONAL DE MATERIA--NOMBRE DE PERSONA
Nombre de persona QUEVEDO, FRANCISCO DE,
Fechas asociadas al nombre 1580-1645
Subdivisión general CRÍTICA E INTERPRETACIÓN
9 (RLIN) 13418
600 14 - PUNTO DE ACCESO ADICIONAL DE MATERIA--NOMBRE DE PERSONA
Nombre de persona VEGA, LÓPEZ DE,
Fechas asociadas al nombre 1562-1635
Subdivisión general CRÍTICA E INTERPRETACIÓN
9 (RLIN) 13419
650 #4 - PUNTO DE ACCESO ADICIONAL DE MATERIA--TÉRMINO DE MATERIA
Término de materia o nombre geográfico como elemento de entrada Literatura barroca
Subdivisión general Historia y crítica
9 (RLIN) 13420
Holdings
Estado de retiro Estado de pérdida Restricciones de uso No para préstamo Código de colección Localización permanente Ubicación/localización actual Ubicación en estantería Fecha de adquisición Número de inventario Total de préstamos Signatura topográfica completa Código de barras Fecha visto por última vez Precio válido a partir de Tipo de ítem Koha
    Préstamo interno   Monografías: Libros y Folletos General General En catalogación 23.07.2009 LF1   860.9 L431e, 1977 4601-10 25.06.2020 25.06.2020 Préstamo interno

Powered by Koha